|
|
|
|
| LEADER |
01456nam a22003612a 4500 |
| 001 |
000148472 |
| 003 |
CZ BrMZK |
| 005 |
20090521135731.0 |
| 007 |
ta |
| 008 |
950101s1986 xr f cze d |
| 015 |
|
|
|a cnb000012756
|
| 035 |
|
|
|a (OCoLC)39436276
|
| 040 |
|
|
|a BOA001
|b cze
|
| 041 |
1 |
|
|a cze
|h eng
|
| 080 |
9 |
|
|a 820(73)-32-82
|
| 100 |
1 |
|
|a Fitzgerald, Francis Scott,
|d 1896-1940
|7 jn19981001164
|4 aut
|
| 245 |
1 |
0 |
|a Takový pěkný pár a jiné povídky /
|c Francis Scott Fitzgerald ; vybral, uspořádal a doslov napsal Lubomír Dorůžka ; z anglických originálů ... přeložila Vlasta Dvořáčková
|
| 250 |
|
|
|a 2. vyd.
|
| 260 |
|
|
|a Praha :
|b Odeon,
|c 1986
|
| 300 |
|
|
|a 458 s. ;
|c 21 cm
|
| 490 |
1 |
|
|a Klub čtenářů ;
|v sv. 550
|
| 500 |
|
|
|a 111000 výt.
|
| 765 |
0 |
|
|t Bodley head Scott Fitzgerald
|9 Česky
|
| 765 |
0 |
|
|t Bits of paradise
|9 Česky
|
| 700 |
1 |
|
|a Dvořáčková, Vlasta,
|d 1924-2018
|7 jk01030050
|4 trl
|
| 700 |
1 |
|
|a Dorůžka, Lubomír,
|d 1924-2013
|7 jk01022747
|4 com
|4 wfw
|
| 830 |
|
0 |
|a Klub čtenářů (Odeon)
|0 s
|
| 856 |
4 |
1 |
|u http://www.digitalniknihovna.cz/mzk/uuid/uuid:117f30b0-04a5-11e3-9923-005056827e52
|y Digitalizovaný dokument
|x NDK
|
| 910 |
|
|
|a BOA001
|b 2-0907.189
|
| 990 |
|
|
|a BK
|
| 991 |
|
|
|b 200704
|
| 996 |
6 |
|
|b 2619917282
|c 2-0907.189
|l MZK
|r Sklad / do 1 hodiny
|n 7
|w 000148472
|u 000020
|a 1
|e BOA001
|j MZK50
|s P
|
| 996 |
7 |
|
|b 2619953755
|c 2-0907.189
|l MZK
|r Sklad / do 1 hodiny
|n 26
|w 000148472
|u 000010
|a 1
|e BOA001
|j MZK50
|s A
|